Statistiques concernant The Big Bang Theory

Cliquez ici pour prendre le quiz!

Statistiques générales

  • Ce quiz a été pris 833 fois
  • Le résultat moyen est 14 sur 20

Statistiques - réponses

QuestionsRéponses% Correct
Combien la série compte-t-elle de saisons?12
99%
Combien de fois Sheldon doit-il frapper à une porte avant qu'on ne vienne lui ouvrir?3
95%
Quel métier Penny voulait-elle exercer en arrivant en Californie?Actrice
95%
A quoi Leonard a-t-il une intolérance?lactose
93%
Avec qui Sheldon signe-t-il un "contrat relationnel"?Amy
87%
Quel métier exerçait Bernadette quand elle a rencontré Penny, puis les garçons?serveuse
84%
Qui tient le magasin de BD? (prénom)Stuart
82%
Dans les premières saisons, avec qui Rajish ne peut-il pas parler?les femmes
79%
Comment s'appelle le restaurant dans lequel Penny travaille?Cheesecake factory
78%
Quel est le métier du père de Rajish?gynécologue
76%
Dans quelle école Howard a-t-il obtenu son diplôme d'ingénierie?MIT
70%
Quel est le mot fétiche de Shelon à la fin d'une blague?bazinga
69%
Dans quelle ville se déroule la série?Pasadena
64%
Quel est le nom de l'université dans laquelle travaillent les personnages principaux?Caltech
59%
Quel acteur, ayant joué dans Star Trek, interprète son propre rôle régulièrement dans la série?Will Wheaton
52%
Quel est le prénom du chien de Rajish?Cannelle
49%
Quelle est la profession d'Emily, petite amie de Rajish?dermatologue
46%
Que vont remporter Sheldon et Amy à la fin de la saison 12?Prix Nobel de physique
38%
Quel est le prénom de la mère d'Howard?Debbie
30%
Comment s'appelle la fiancée de Raj, qu'il rencontre après avoir demandé à son père de lui trouver une femme avec qui se marier?Anu
25%

Distribution des résultats

Percentile par nombre de réponses

% des personnes avec chaque résultat

Votre développement - résultats

Vous n’avez pas pris ce quiz